| 000 | 00996nam a2200289Ia 4500 | ||
|---|---|---|---|
| 001 | Z_1681 | ||
| 003 | CHAP | ||
| 008 | 220113s1999 xx 000 0 und d | ||
| 010 | _a164772 | ||
| 040 | _cCHAP | ||
| 090 | _aTesis M 1336 | ||
| 100 |
_aMartínez Trejo, Guillermina _972571 |
||
| 245 |
_aEfecto de la adición de lasolácida o Saccharomyces cerevisiae a dietas de vacas Holstein sobre los días al primer servicio postparto y costos de producción / _cpor Guillermina Martínez Trejo y Julián Méndez Rivera |
||
| 260 |
_aChapingo, Méx. : _bEl autor, _c1999 |
||
| 300 | _a122 h. | ||
| 502 | _aTesis (Ing. Agr. Esp. en Zootecnia) -- UACH. Departamento de Zootecnia | ||
| 650 |
_aGanado Holstein _xAlimentos _9138853 |
||
| 650 |
_aGanado Holstein _xProducción _945141 |
||
| 650 | 7 |
_aSaccharomyces cerevisiae _2 _9101125 |
|
| 700 |
_aMéndez Rivera, Julián _976573 |
||
| 901 | _aTESIS M 1336 | ||
| 902 | _aM | ||
| 910 | _a1999 | ||
| 942 | _c2 | ||
| 942 | _c2 | ||
| 999 |
_c164772 _d164772 |
||